[Event "Wch Seniors 65 29th"]
[Site "Bucharest"]
[Date "2019.11.20"]
[Round "8"]
[White "Zhelesny, Stanislav"]
[Black "Tolda Andreu, Eloi"]
[Result "1-0"]
[WhiteElo "2003"]
[BlackElo "1847"]
[PlyCount "43"]
[EventDate "2019.11.12"]
[EventType "swiss"]
[EventRounds "11"]
[EventCountry "ROU"]
[SourceTitle "CBM 193 Extra"]
[Source "ChessBase"]
[SourceDate "2020.01.31"]
[SourceVersion "1"]
[SourceVersionDate "2020.01.31"]
[SourceQuality "1"]

1. Nf3 c5 2. g3 Nc6 3. d4 cxd4 4. Nxd4 g6 5. Bg2 Nf6 6. 0-0 Bg7 7. c3 0-0 8. Nd2 Nxd4 9. cxd4 d5 10. Nf3 Bf5 11. Nh4 Bd7 12. Nf3 Qc8 13. Bf4 Bh3 14. Rc1 Qf5 15. Rc7 Nh5 16. Be3 Rab8 17. Rxe7 Rfc8 18. Qb3 Qc2 19. Qxd5 Rf8 20. Rc1 Qxb2 21. Rcc7 Nf6 22. Rxf7 1-0

[Event "Wch Seniors 65 29th"]
[Site "Bucharest"]
[Date "2019.11.19"]
[Round "7"]
[White "Alvarado Machado, Verny"]
[Black "Zhelesny, Stanislav"]
[Result "1/2-1/2"]
[WhiteElo "1886"]
[BlackElo "2003"]
[PlyCount "48"]
[EventDate "2019.11.12"]
[EventType "swiss"]
[EventRounds "11"]
[EventCountry "ROU"]
[SourceTitle "CBM 193 Extra"]
[Source "ChessBase"]
[SourceDate "2020.01.31"]
[SourceVersion "1"]
[SourceVersionDate "2020.01.31"]
[SourceQuality "1"]

1. d4 Nf6 2. Nf3 g6 3. Bf4 Bg7 4. h3 d5 5. e3 c6 6. c3 Nbd7 7. Bd3 0-0 8. 0-0 c5 9. Nbd2 b6 10. Re1 Bb7 11. Qc2 Rc8 12. Ne5 Nh5 13. Bh2 Nxe5 14. dxe5 Bh8 15. g4 Ng7 16. f4 e6 17. Nf3 d4 18. e4 c4 19. Bf1 d3 20. Qf2 f6 21. exf6 Qxf6 22. e5 Qe7 23. Nd4 Rc5 24. Rad1 Bd5 1/2-1/2

[Event "Wch Seniors 65 29th"]
[Site "Bucharest"]
[Date "2019.11.18"]
[Round "6"]
[White "Zhelesny, Stanislav"]
[Black "Marshall, Michael"]
[Result "1/2-1/2"]
[WhiteElo "2003"]
[BlackElo "1887"]
[PlyCount "117"]
[EventDate "2019.11.12"]
[EventType "swiss"]
[EventRounds "11"]
[EventCountry "ROU"]
[SourceTitle "CBM 193 Extra"]
[Source "ChessBase"]
[SourceDate "2020.01.31"]
[SourceVersion "1"]
[SourceVersionDate "2020.01.31"]
[SourceQuality "1"]

1. Nf3 c5 2. g3 g6 3. Bg2 Bg7 4. d4 cxd4 5. Nxd4 Nc6 6. Nb3 Nf6 7. Nc3 0-0 8. 0-0 d6 9. Re1 a6 10. e4 Bd7 11. Nd5 Re8 12. Be3 Nxd5 13. exd5 Ne5 14. Bd4 Rc8 15. c3 Nc4 16. Bxg7 Kxg7 17. Qd4+ Kg8 18. Rab1 Bf5 19. Be4 Bxe4 20. Rxe4 Qb6 21. Qd3 Ne5 22. Qe2 Qd8 23. Re1 f5 24. Rd4 Qd7 25. f4 Ng4 26. Nd2 Nf6 27. Nf3 Ne4 28. Nd2 Nf6 29. Kg2 Kg7 30. Nf3 Ne4 31. Ng5 Nxg5 32. fxg5 Rc7 33. h4 Rh8 34. g4 fxg4 35. Rf1 Rf8 36. Rxf8 Kxf8 37. Rf4+ Kg7 38. Qf2 e5 39. dxe6 Qxe6 40. Qd4+ Qe5 41. Rxg4 Qxd4 42. Rxd4 Rd7 43. Kf3 Kf7 44. Rf4+ Ke6 45. Ke4 Rc7 46. Kd4 b5 47. b3 Ke7 48. Re4+ Kd7 49. Re3 Rc5 50. Rf3 Ke7 51. Rf4 Rc7 52. Re4+ Kd7 53. b4 Rc4+ 54. Kd3 Rxe4 55. Kxe4 Ke6 56. a3 d5+ 57. Kd4 Kd6 58. Kd3 Ke5 59. Ke3 1/2-1/2

[Event "Wch Seniors 65 29th"]
[Site "Bucharest"]
[Date "2019.11.14"]
[Round "3"]
[White "Segal, Yosef"]
[Black "Zhelesny, Stanislav"]
[Result "1/2-1/2"]
[WhiteElo "1803"]
[BlackElo "2003"]
[PlyCount "36"]
[EventDate "2019.11.12"]
[EventType "swiss"]
[EventRounds "11"]
[EventCountry "ROU"]
[SourceTitle "CBM 193 Extra"]
[Source "ChessBase"]
[SourceDate "2020.01.31"]
[SourceVersion "1"]
[SourceVersionDate "2020.01.31"]
[SourceQuality "1"]

1. d4 Nf6 2. c4 g6 3. g3 Bg7 4. Nc3 d5 5. cxd5 Nxd5 6. Bg2 Nb6 7. e3 0-0 8. Nge2 c6 9. 0-0 N8d7 10. Qc2 e5 11. Rd1 Qe7 12. a4 Nf6 13. b3 Re8 14. Ba3 Qe6 15. e4 Ng4 16. h3 Nxf2 17. Kxf2 exd4 18. a5 Nd5 1/2-1/2

[Event "Wch Seniors 65 29th"]
[Site "Bucharest"]
[Date "2019.11.13"]
[Round "2"]
[White "Zhelesny, Stanislav"]
[Black "Munar Mut, Antoni"]
[Result "1/2-1/2"]
[WhiteElo "2003"]
[BlackElo "1799"]
[PlyCount "48"]
[EventDate "2019.11.12"]
[EventType "swiss"]
[EventRounds "11"]
[EventCountry "ROU"]
[SourceTitle "CBM 193 Extra"]
[Source "ChessBase"]
[SourceDate "2020.01.31"]
[SourceVersion "1"]
[SourceVersionDate "2020.01.31"]
[SourceQuality "1"]

1. Nf3 c5 2. g3 Nc6 3. d4 cxd4 4. Nxd4 e5 5. Nb3 Nf6 6. Bg2 Be7 7. 0-0 0-0 8. Nc3 d6 9. Bg5 Bf5 10. e4 Bg4 11. Qd2 Bc8 12. Rad1 Bg4 13. f3 Be6 14. Bxf6 Bxf6 15. Kh1 Rc8 16. Nd5 Bxd5 17. exd5 Nd4 18. c3 Nxb3 19. axb3 Qb6 20. b4 a5 21. bxa5 Qxa5 22. Ra1 Qc5 23. Rfd1 Ra8 24. Bf1 h6 1/2-1/2

[Event "EU-ch Seniors 65 19th"]
[Site "Rhodes"]
[Date "2019.04.13"]
[Round "8"]
[White "Zhelesny, Stanislav"]
[Black "Morriss, Pete R"]
[Result "1/2-1/2"]
[WhiteElo "1997"]
[BlackElo "1968"]
[PlyCount "41"]
[EventDate "2019.04.06"]
[EventType "swiss"]
[EventRounds "9"]
[EventCountry "GRE"]
[SourceTitle "CBM 189 Extra"]
[Source "ChessBase"]
[SourceDate "2019.06.03"]
[SourceVersion "1"]
[SourceVersionDate "2019.06.03"]
[SourceQuality "1"]

1. Nf3 Nf6 2. g3 b5 3. Bg2 Bb7 4. d3 e6 5. 0-0 c5 6. e4 d6 7. Nc3 b4 8. Ne2 Be7 9. a3 a5 10. axb4 axb4 11. Rxa8 Bxa8 12. b3 0-0 13. Bb2 Nc6 14. Qd2 Qb6 15. Ra1 Bb7 16. Qe1 Ra8 17. Rxa8+ Bxa8 18. Qa1 Qa7 19. Qxa7 Nxa7 20. Nd2 Nd7 21. Nc4 1/2-1/2

[Event "EU-ch Seniors 65 19th"]
[Site "Rhodes"]
[Date "2019.04.10"]
[Round "5"]
[White "Zhelesny, Stanislav"]
[Black "Virtanen, Esko"]
[Result "1-0"]
[WhiteElo "1997"]
[BlackElo "1783"]
[PlyCount "77"]
[EventDate "2019.04.06"]
[EventType "swiss"]
[EventRounds "9"]
[EventCountry "GRE"]
[SourceTitle "CBM 189 Extra"]
[Source "ChessBase"]
[SourceDate "2019.06.03"]
[SourceVersion "1"]
[SourceVersionDate "2019.06.03"]
[SourceQuality "1"]

1. Nf3 Nf6 2. g3 d5 3. Bg2 c6 4. 0-0 Bf5 5. d3 Nbd7 6. Nbd2 e6 7. c4 Be7 8. Nh4 Bg4 9. h3 Bh5 10. g4 Bg6 11. cxd5 Nxd5 12. Nxg6 hxg6 13. Nf3 Qc7 14. e4 Nf4 15. Bxf4 Qxf4 16. Qc1 Qc7 17. d4 0-0-0 18. Qe3 Kb8 19. Rfc1 e5 20. d5 c5 21. b4 Qb6 22. bxc5 Bxc5 23. Qe2 f6 24. Rab1 Qd6 25. Qb5 Qb6 26. Qe2 Qd6 27. Nd2 f5 28. Nc4 Qf6 29. exf5 b6 30. Na5 Kc7 31. d6+ Qxd6 32. Nb7 Qd4 33. Nxd8 Kxd8 34. Rd1 Qf4 35. Qd2 Qa4 36. Bf1 Bd4 37. Rb4 Qa3 38. Rxd4 exd4 39. Qxd4 1-0

[Event "EU-ch Seniors 65 19th"]
[Site "Rhodes"]
[Date "2019.04.08"]
[Round "3"]
[White "Zhelesny, Stanislav"]
[Black "Jackson, Oliver A"]
[Result "1/2-1/2"]
[WhiteElo "1997"]
[BlackElo "2131"]
[PlyCount "99"]
[EventDate "2019.04.06"]
[EventType "swiss"]
[EventRounds "9"]
[EventCountry "GRE"]
[SourceTitle "CBM 189 Extra"]
[Source "ChessBase"]
[SourceDate "2019.06.03"]
[SourceVersion "1"]
[SourceVersionDate "2019.06.03"]
[SourceQuality "1"]

1. Nf3 d6 2. d4 g6 3. g3 Bg7 4. Bg2 Nc6 5. 0-0 Bg4 6. c3 Qd7 7. Qa4 Nf6 8. Bg5 0-0 9. Bxf6 Bxf6 10. d5 Ne5 11. Qxd7 Nxd7 12. h3 Bxf3 13. Bxf3 Ne5 14. Bg2 Nc4 15. b3 Nb6 16. a4 a5 17. Ra2 Rfc8 18. Rc1 c6 19. dxc6 bxc6 20. b4 d5 21. e4 e6 22. b5 cxb5 23. exd5 exd5 24. axb5 Rc5 25. c4 Ra7 26. Nd2 a4 27. Rcc2 a3 28. Bf1 Bb2 29. Rcxb2 axb2 30. Rxb2 dxc4 31. Ne4 Re5 32. Nc3 Ra3 33. Rc2 f5 34. Kg2 Rc5 35. Nb1 Rb3 36. Nd2 Rb4 37. Rc3 Kf7 38. Be2 Rb2 39. Nxc4 Nxc4 40. Rxc4 Re5 41. Rc7+ Kf6 42. Bc4 Re7 43. Rc6+ Ke5 44. Bf1 g5 45. Rc5+ Kf6 46. Bd3 Re5 47. Rc6+ Ke7 48. Rc7+ Kd6 49. Rc6+ Kd5 50. Rf6 1/2-1/2

[Event "EU-ch Seniors 65 19th"]
[Site "Rhodes"]
[Date "2019.04.06"]
[Round "1"]
[White "Zhelesny, Stanislav"]
[Black "Renman, Nils Gustaf"]
[Result "0-1"]
[WhiteElo "1997"]
[BlackElo "2358"]
[PlyCount "103"]
[EventDate "2019.04.06"]
[EventType "swiss"]
[EventRounds "9"]
[EventCountry "GRE"]
[SourceTitle "CBM 189 Extra"]
[Source "ChessBase"]
[SourceDate "2019.06.03"]
[SourceVersion "1"]
[SourceVersionDate "2019.06.03"]
[SourceQuality "1"]

1. Nf3 d5 2. g3 c6 3. Bg2 Bg4 4. Ne5 Bh5 5. d4 f6 6. Nd3 e6 7. Nd2 Bd6 8. c4 Nd7 9. Qb3 Qb6 10. Bh3 f5 11. cxd5 cxd5 12. Qa4 Ngf6 13. Ne5 0-0-0 14. Nb3 Nxe5 15. dxe5 Bxe5 16. 0-0 Bxe2 17. Re1 Bb5 18. Qb4 Ne4 19. Be3 d4 20. Bd2 Bd6 21. Qa5 Qxa5 22. Bxa5 Bc7 23. Rac1 b6 24. Bd2 Nxd2 25. Nxd2 Rhe8 26. b3 Rd5 27. f4 Rc5 28. a4 Bc6 29. Nc4 Bd5 30. Bf1 a5 31. Red1 Bxc4 32. Bxc4 e5 33. fxe5 Bxe5 34. Re1 Kd8 35. Rcd1 g6 36. Kg2 Re7 37. Re2 Bf6 38. Rde1 Rxe2+ 39. Rxe2 Be5 40. Rd2 Ke7 41. Kf3 h5 42. Rd1 g5 43. Rd2 Kf6 44. Ke2 Rc7 45. Kd3 h4 46. gxh4 g4 47. Rf2 Rh7 48. Bd5 Rxh4 49. Be4 Rh3+ 50. Kc4 Rc3+ 51. Kb5 Rxb3+ 52. Kc6 0-1

[Event "Wch Seniors 65 28th"]
[Site "Bled"]
[Date "2018.11.28"]
[Round "10"]
[White "Zhelesny, Stanislav"]
[Black "Danielsson, Robert"]
[Result "1-0"]
[WhiteElo "2079"]
[BlackElo "1968"]
[PlyCount "98"]
[EventDate "2018.11.18"]
[EventType "swiss"]
[EventRounds "11"]
[EventCountry "SLO"]
[SourceTitle "CBM 187 Extra"]
[Source "ChessBase"]
[SourceDate "2018.11.04"]
[SourceVersion "1"]
[SourceVersionDate "2018.11.04"]
[SourceQuality "1"]

1. Nf3 c5 2. g3 g6 3. Bg2 Bg7 4. 0-0 Nc6 5. c3 Nf6 6. d4 cxd4 7. cxd4 d5 8. Nc3 Ne4 9. Qb3 Nxc3 10. bxc3 0-0 11. Nd2 e6 12. e4 b6 13. Ba3 Re8 14. Rfe1 Na5 15. Qb5 Bb7 16. Rad1 Rc8 17. Bb4 Bc6 18. Qe2 Nb7 19. Qa6 Ra8 20. c4 Qd7 21. cxd5 exd5 22. e5 Bb5 23. Qa3 a5 24. Bc3 Ba4 25. Rc1 b5 26. Bb2 Bf8 27. Qf3 Bh6 28. Qd3 b4 29. f4 Red8 30. Qe2 Re8 31. Qf3 Bc6 32. g4 Nd8 33. g5 Bf8 34. h4 Ne6 35. Bh3 Qb7 36. f5 Ng7 37. h5 Nxh5 38. e6 fxe6 39. fxg6 hxg6 40. Bxe6+ Kh7 41. Bg4 Rxe1+ 42. Rxe1 Ng7 43. Qh3+ Kg8 44. Be6+ Nxe6 45. Qxe6+ Kg7 46. Qf6+ Kg8 47. Qe6+ Kg7 48. Nf3 Be8 49. Qf6+ Kg8 1-0

[Event "Wch Seniors 65 28th"]
[Site "Bled"]
[Date "2018.11.27"]
[Round "9"]
[White "Karasev, Vladimir I"]
[Black "Zhelesny, Stanislav"]
[Result "1-0"]
[WhiteElo "2314"]
[BlackElo "2079"]
[PlyCount "77"]
[EventDate "2018.11.18"]
[EventType "swiss"]
[EventRounds "11"]
[EventCountry "SLO"]
[SourceTitle "CBM 187 Extra"]
[Source "ChessBase"]
[SourceDate "2018.11.04"]
[SourceVersion "1"]
[SourceVersionDate "2018.11.04"]
[SourceQuality "1"]

1. f4 Nf6 2. Nf3 g6 3. b3 Bg7 4. Bb2 0-0 5. g3 d5 6. Bg2 c5 7. 0-0 Nc6 8. Ne5 Ng4 9. Nxc6 bxc6 10. Bxg7 Kxg7 11. Nc3 Kg8 12. h3 Nf6 13. Kh2 Rb8 14. e4 dxe4 15. Nxe4 Nxe4 16. Bxe4 Rb4 17. d3 Rd4 18. Qf3 Qd7 19. f5 Qc7 20. Rae1 Rd6 21. Qe3 Qa5 22. Re2 Qc3 23. h4 Qd4 24. Qg5 h6 25. Qd2 Rf6 26. Ref2 Kg7 27. g4 e6 28. fxg6 fxg6 29. Rxf6 Rxf6 30. Rxf6 Qxf6 31. Kg3 Qd4 32. g5 h5 33. Qf4 Bd7 34. Bg2 Qc3 35. Qc7 Qe1+ 36. Kh3 Qe3+ 37. Kh2 Qd4 38. Qg3 e5 39. Be4 1-0

[Event "Bled Planinc Memorial 1st"]
[Site "Bled"]
[Date "2018.11.24"]
[Round "3"]
[White "Spacapan, Simon"]
[Black "Zhelesny, Stanislav"]
[Result "1-0"]
[WhiteElo "2052"]
[BlackElo "2079"]
[PlyCount "137"]
[EventDate "2018.11.24"]
[EventType "swiss (blitz)"]
[EventRounds "9"]
[EventCountry "SLO"]
[SourceTitle "CBM 187 Extra"]
[Source "ChessBase"]
[SourceDate "2018.11.04"]
[SourceVersion "1"]
[SourceVersionDate "2018.11.04"]
[SourceQuality "1"]

1. e4 c6 2. d4 d5 3. exd5 cxd5 4. c4 Nf6 5. Nc3 e6 6. Nf3 Be7 7. cxd5 Nxd5 8. Bd3 0-0 9. 0-0 Bf6 10. Re1 Nc6 11. Be4 Nxc3 12. bxc3 Ne7 13. Qd3 Ng6 14. Rb1 Qc7 15. Ba3 Rd8 16. Rb3 Rb8 17. g3 b6 18. h4 Bb7 19. h5 Bxe4 20. Qxe4 Nf8 21. Bc1 Rbc8 22. Bf4 Qc6 23. Qe3 Rd5 24. g4 h6 25. Ne5 Bxe5 26. Bxe5 f6 27. Bf4 Ra5 28. Re2 Qd7 29. f3 e5 30. dxe5 fxe5 31. Bxe5 Re8 32. f4 Qxg4+ 33. Rg2 Raxe5 34. fxe5 Qd1+ 35. Kf2 Qxh5 36. Qg3 Qxe5 37. Qxe5 Rxe5 38. Ra3 Re7 39. Ra4 g5 40. Rd4 Kg7 41. Rd6 Ng6 42. Rh2 Rc7 43. Rh3 g4 44. Re3 h5 45. Kg3 Kf7 46. Red3 Rc4 47. Rd7+ Kf6 48. R3d6+ Kf5 49. Rd5+ Kf6 50. R7d6+ Kg7 51. Rg5 Rxc3+ 52. Kf2 Rc2+ 53. Ke1 Rxa2 54. Rgxg6+ Kf7 55. Rh6 g3 56. Rh7+ Kg8 57. Rxh5 Ra1+ 58. Ke2 g2 59. Rg6+ Kf7 60. Rhg5 Ra2+ 61. Kd3 a5 62. Rxg2 Ra3+ 63. Kc2 b5 64. Kb2 Ra4 65. Rb6 Rb4+ 66. Kc2 a4 67. Rg5 a3 68. Rbxb5 a2 69. Ra5 1-0

[Event "Wch Seniors 65 28th"]
[Site "Bled"]
[Date "2018.11.22"]
[Round "5"]
[White "Holzmann, Herbert"]
[Black "Zhelesny, Stanislav"]
[Result "1/2-1/2"]
[WhiteElo "1955"]
[BlackElo "2079"]
[PlyCount "40"]
[EventDate "2018.11.18"]
[EventType "swiss"]
[EventRounds "11"]
[EventCountry "SLO"]
[SourceTitle "CBM 187 Extra"]
[Source "ChessBase"]
[SourceDate "2018.11.04"]
[SourceVersion "1"]
[SourceVersionDate "2018.11.04"]
[SourceQuality "1"]

1. Nf3 Nf6 2. c4 g6 3. g3 Bg7 4. Bg2 0-0 5. 0-0 d5 6. cxd5 Nxd5 7. Nc3 Nb6 8. b3 c6 9. Bb2 N8d7 10. d3 Nf6 11. Qc2 Bg4 12. Rfd1 Bxf3 13. Bxf3 e5 14. Nb1 Re8 15. Nd2 Qe7 16. Bg2 Nfd7 17. Nc4 Nxc4 18. bxc4 Nf8 19. Rab1 Ne6 20. Bc3 Rab8 1/2-1/2

[Event "Wch Seniors 65 28th"]
[Site "Bled"]
[Date "2018.11.21"]
[Round "4"]
[White "Zhelesny, Stanislav"]
[Black "Thjomoe, Hans Richard"]
[Result "1-0"]
[WhiteElo "2079"]
[BlackElo "1874"]
[PlyCount "63"]
[EventDate "2018.11.18"]
[EventType "swiss"]
[EventRounds "11"]
[EventCountry "SLO"]
[SourceTitle "CBM 187 Extra"]
[Source "ChessBase"]
[SourceDate "2018.11.04"]
[SourceVersion "1"]
[SourceVersionDate "2018.11.04"]
[SourceQuality "1"]

1. Nf3 Nf6 2. g3 g6 3. Bg2 Bg7 4. 0-0 0-0 5. d4 c6 6. c4 d5 7. Nbd2 Re8 8. Ne5 Bf5 9. Ndf3 Ne4 10. cxd5 cxd5 11. Qb3 Nc6 12. Qxb7 Nxd4 13. Nxd4 Bxe5 14. Nc6 Qc7 15. Qxc7 Bxc7 16. Be3 e5 17. f3 Nf6 18. Rac1 d4 19. Bf2 Bb6 20. f4 Be4 21. Nxe5 Bxg2 22. Kxg2 Rad8 23. Rfd1 Nd5 24. Kf1 h5 25. a3 Kg7 26. Nc6 Rd6 27. Nxd4 Kf6 28. Rd3 h4 29. Rcd1 hxg3 30. hxg3 Bxd4 31. Rxd4 Red8 32. e4 1-0

[Event "Wch Seniors 65 28th"]
[Site "Bled"]
[Date "2018.11.19"]
[Round "2"]
[White "Zhelesny, Stanislav"]
[Black "Ackermann, Hans Werner"]
[Result "0-1"]
[WhiteElo "2079"]
[BlackElo "2272"]
[PlyCount "140"]
[EventDate "2018.11.18"]
[EventType "swiss"]
[EventRounds "11"]
[EventCountry "SLO"]
[SourceTitle "CBM 187 Extra"]
[Source "ChessBase"]
[SourceDate "2018.11.04"]
[SourceVersion "1"]
[SourceVersionDate "2018.11.04"]
[SourceQuality "1"]

1. Nf3 d6 2. d4 g6 3. g3 Bg7 4. Bg2 Nc6 5. c3 Nf6 6. 0-0 0-0 7. Na3 a6 8. Re1 Qe8 9. d5 Nb8 10. e4 Nfd7 11. Nc4 e5 12. dxe6 fxe6 13. Be3 Nc6 14. Nd4 Nde5 15. Nxe5 Nxe5 16. Qe2 Nf7 17. Rac1 e5 18. Nc2 Be6 19. b3 a5 20. c4 b6 21. f4 Rb8 22. Rf1 Nd8 23. g4 exf4 24. Rxf4 Rxf4 25. Bxf4 Nc6 26. h3 Be5 27. Bxe5 dxe5 28. Qf2 Qf8 29. Rf1 Qxf2+ 30. Rxf2 Rf8 31. Rd2 Kf7 32. Ne3 Ke7 33. Nc2 Rd8 34. Rxd8 Nxd8 35. Kf2 Kd6 36. Bf1 Nf7 37. Ke3 Bd7 38. Be2 Ng5 39. h4 Nf7 40. g5 h6 41. gxh6 Nxh6 42. a3 Ng8 43. b4 c5 44. bxa5 bxa5 45. Kd3 Nf6 46. Ne3 Be6 47. Nd5 Bxd5 48. cxd5 Kc7 49. Bf3 Ne8 50. h5 gxh5 51. Bxh5 Nd6 52. Bf3 Kb6 53. a4 Kc7 54. Kd2 Kd8 55. Kc3 Ke7 56. Kd2 Kf6 57. Ke3 Kg5 58. Be2 Kh4 59. Ba6 Kg3 60. Bb5 Kg2 61. Ba6 c4 62. Ke2 Kg3 63. Ke3 Kg4 64. Bb5 Kg5 65. Ba6 Kf6 66. Ke2 Ke7 67. Kd1 Nxe4 68. Bxc4 Nc3+ 69. Kd2 Nxa4 70. Be2 Kd6 0-1

[Event "EU-ch Seniors 65 18th"]
[Site "Drammen"]
[Date "2018.08.05"]
[Round "2"]
[White "Zhelesny, Stanislav"]
[Black "Lederman, Leon S"]
[Result "0-1"]
[WhiteElo "2077"]
[BlackElo "2245"]
[PlyCount "176"]
[EventDate "2018.08.04"]
[EventType "swiss"]
[EventRounds "9"]
[EventCountry "NOR"]
[SourceTitle "CBM 186 Extra"]
[Source "ChessBase"]
[SourceDate "2018.08.24"]
[SourceVersion "1"]
[SourceVersionDate "2018.08.24"]
[SourceQuality "1"]

1. Nf3 Nf6 2. g3 d5 3. d4 Bf5 4. Bg2 c6 5. c3 h6 6. Nbd2 Nbd7 7. Qb3 Qc7 8. Nf1 e6 9. Bf4 Bd6 10. Bxd6 Qxd6 11. Ne3 Bh7 12. 0-0 0-0 13. c4 Rab8 14. Rac1 Ne4 15. Qa3 Qxa3 16. bxa3 f5 17. Rfd1 f4 18. gxf4 Rxf4 19. Bh3 Nf8 20. Bg2 Ng6 21. Rf1 Rbf8 22. Bh3 R4f6 23. Ng4 Nf4 24. Nxf6+ Rxf6 25. Bg2 Nxe2+ 26. Kh1 Nxc1 27. Rxc1 Nxf2+ 28. Kg1 Nd3 29. Rc3 Be4 30. Nd2 Bg6 31. Bf1 Nf4 32. Re3 Bh5 33. a4 b6 34. a5 bxa5 35. Nb3 a4 36. Na5 Be8 37. Nb7 Kf7 38. Nc5 Rf5 39. Ra3 e5 40. dxe5 Rxe5 41. Rxa4 Re7 42. cxd5 Nxd5 43. Ne4 Ke6 44. Bh3+ Ke5 45. Nd2 Bg6 46. Nc4+ Kf6 47. Na5 Nb6 48. Rd4 c5 49. Rd6+ Kg5 50. Rc6 Na4 51. Bf1 Be8 52. Rc8 Kf4 53. Kf2 Nc3 54. Bd3 Nd1+ 55. Kg2 Re3 56. Ba6 Bd7 57. Rf8+ Kg5 58. Bc8 Bxc8 59. Rxc8 Re2+ 60. Kg3 Re3+ 61. Kg2 Rc3 62. Nb3 c4 63. Nd4 Rd3 64. Ne6+ Kf6 65. Nf4 Rd2+ 66. Kf3 c3 67. h4 g5 68. Rc6+ Ke7 69. Ng6+ Kd8 70. hxg5 hxg5 71. Ne5 Rd4 72. Kg3 Rd5 73. Ng4 Kd7 74. Rc4 Rd3+ 75. Kg2 Kd6 76. Kf1 Nb2 77. Rc8 Rd1+ 78. Ke2 Rd2+ 79. Kf3 Nd1 80. Rd8+ Ke6 81. Rxd2 cxd2 82. Ke2 Nc3+ 83. Kxd2 Nxa2 84. Kc2 Nb4+ 85. Kb3 Nc6 86. Nh6 Ke5 87. Kc4 Kf4 88. Kc5 a5 0-1

[Event "EU-ch Seniors 65 18th"]
[Site "Drammen"]
[Date "2018.08.04"]
[Round "1"]
[White "Rostad, Rolf"]
[Black "Zhelesny, Stanislav"]
[Result "0-1"]
[WhiteElo "1813"]
[BlackElo "2077"]
[PlyCount "88"]
[EventDate "2018.08.04"]
[EventType "swiss"]
[EventRounds "9"]
[EventCountry "NOR"]
[SourceTitle "CBM 186 Extra"]
[Source "ChessBase"]
[SourceDate "2018.08.24"]
[SourceVersion "1"]
[SourceVersionDate "2018.08.24"]
[SourceQuality "1"]

1. e4 c6 2. d4 d5 3. exd5 cxd5 4. c4 e6 5. c5 Nf6 6. b4 Be7 7. Nf3 b6 8. Bb5+ Bd7 9. Bxd7+ Qxd7 10. 0-0 0-0 11. Nc3 a5 12. Na4 bxc5 13. Nb6 Qb7 14. Nxa8 cxb4 15. Qa4 Qxa8 16. a3 Qb7 17. axb4 Bxb4 18. Bd2 Ne4 19. Bxb4 axb4 20. Rfb1 Nc6 21. Qa6 Qxa6 22. Rxa6 Nc3 23. Rb2 Rc8 24. h3 f6 25. Ne1 Nxd4 26. Rxb4 Ncb5 27. Nf3 Rc4 28. Rb1 Ne2+ 29. Kh2 Nec3 30. Rba1 e5 31. Rb6 Rc8 32. Ra5 Rc5 33. Rb7 h6 34. Ra8+ Kh7 35. Nh4 Rc7 36. Rbb8 g5 37. Nf5 Kg6 38. g4 Kf7 39. Rf8+ Ke6 40. Rae8+ Kd7 41. Re7+ Kc6 42. Rxf6+ Kb7 43. Rxe5 Rd7 44. Rxh6 d4 0-1

[Event "EU-ch Seniors 65 17th"]
[Site "Sabadell"]
[Date "2017.08.16"]
[Round "5"]
[White "Schouten, Nico"]
[Black "Zhelesny, Stanislav"]
[Result "0-1"]
[WhiteElo "2123"]
[BlackElo "2028"]
[PlyCount "178"]
[EventDate "2017.08.12"]
[EventType "swiss"]
[EventRounds "9"]
[EventCountry "ESP"]
[SourceTitle "CBM 180 Extra"]
[Source "ChessBase"]
[SourceDate "2017.10.06"]
[SourceVersion "1"]
[SourceVersionDate "2017.10.06"]
[SourceQuality "1"]

1. d4 Nf6 2. Nf3 g6 3. e3 Bg7 4. Be2 0-0 5. 0-0 d5 6. b3 Nbd7 7. Bb2 Ne4 8. Nbd2 c5 9. Nxe4 dxe4 10. Nd2 cxd4 11. Bxd4 Bxd4 12. exd4 Nf6 13. c3 b6 14. Re1 Bb7 15. Nf1 Nd5 16. Qd2 Qc7 17. Rac1 Nf4 18. Ne3 Rad8 19. Bf1 f5 20. Red1 Nh5 21. Bc4+ Kg7 22. d5 Nf6 23. Qe2 h5 24. g3 h4 25. Rd4 Rh8 26. Rcd1 hxg3 27. fxg3 Rh3 28. Qg2 Rhh8 29. Qf2 Bc8 30. a4 Qe5 31. Be2 Ne8 32. Nc4 Qf6 33. Qf4 Nd6 34. Qe5 Ba6 35. Qxf6+ Kxf6 36. Bf1 Bxc4 37. bxc4 Nb7 38. Be2 Ke5 39. Rb1 Nc5 40. Bd1 Rd6 41. a5 Rc8 42. Ra1 bxa5 43. Rxa5 Ra6 44. Rxa6 Nxa6 45. d6 exd6 46. Rd5+ Ke6 47. Ra5 Nc5 48. Rxa7 Rb8 49. Ra1 Rb2 50. h4 Ke5 51. h5 gxh5 52. Bxh5 Rc2 53. Bf7 Rxc3 54. Kg2 Rc2+ 55. Kh3 e3 56. Re1 Kd4 57. Bh5 Nd3 58. Rf1 Rf2 59. Rxf2 Nxf2+ 60. Kg2 Ng4 61. Kf1 Kd3 62. Ke1 Kxc4 63. Bg6 Nh6 64. Ke2 Kd4 65. Bh5 d5 66. Be8 Ke4 67. Bb5 d4 68. Bd3+ Ke5 69. Kf3 Nf7 70. Bb5 Ng5+ 71. Ke2 Ne4 72. Kf3 Nc3 73. Bd3 e2 74. Kf2 Ne4+ 75. Kxe2 Nxg3+ 76. Kf3 Ne4 77. Bb5 f4 78. Bd3 Nc5 79. Bh7 Na4 80. Ke2 Nb2 81. Bg6 Kf6 82. Be4 Kg5 83. Kd2 Kg4 84. Kc2 Na4 85. Bc6 Nc5 86. Kd2 f3 87. Bb5 Kg3 88. Ke1 f2+ 89. Kf1 Ne4 0-1

[Event "EU-ch Seniors 65 17th"]
[Site "Sabadell"]
[Date "2017.08.13"]
[Round "2"]
[White "Zhelesny, Stanislav"]
[Black "Stokes, Michael"]
[Result "1-0"]
[WhiteElo "2028"]
[BlackElo "2179"]
[PlyCount "75"]
[EventDate "2017.08.12"]
[EventType "swiss"]
[EventRounds "9"]
[EventCountry "ESP"]
[SourceTitle "CBM 180 Extra"]
[Source "ChessBase"]
[SourceDate "2017.10.06"]
[SourceVersion "1"]
[SourceVersionDate "2017.10.06"]
[SourceQuality "1"]

1. Nf3 Nf6 2. g3 g6 3. Bg2 Bg7 4. 0-0 0-0 5. d4 d6 6. c4 Nbd7 7. Nc3 e5 8. dxe5 Nxe5 9. Nxe5 dxe5 10. Qxd8 Rxd8 11. Bg5 Re8 12. Nb5 Re7 13. Rfd1 Bg4 14. Bxb7 Rb8 15. Bg2 Bxe2 16. Rd2 Bxc4 17. Nxa7 Rd7 18. b3 Rxd2 19. Bxd2 Bd5 20. Nc6 Re8 21. Rc1 Bxg2 22. Kxg2 e4 23. a4 Nd5 24. b4 e3 25. fxe3 Nxe3+ 26. Kf3 Nd5 27. a5 Re6 28. b5 f5 29. Rc5 Nf6 30. a6 Nd7 31. Rd5 Nb6 32. Rd8+ Kf7 33. a7 Re8 34. Ba5 Na8 35. Rd7+ Kg8 36. Bxc7 Bf8 37. b6 Bc5 38. b7 1-0

[Event "Wch Seniors 65 26th"]
[Site "Marianske Lazne"]
[Date "2016.11.26"]
[Round "7"]
[White "Valtera, Jiri"]
[Black "Zhelesny, Stanislav"]
[Result "1/2-1/2"]
[WhiteElo "1943"]
[BlackElo "2067"]
[PlyCount "32"]
[EventDate "2016.11.19"]
[EventType "swiss"]
[EventRounds "11"]
[EventCountry "CZE"]
[SourceTitle "CBM 175 Extra"]
[Source "ChessBase"]
[SourceDate "2016.12.12"]
[SourceVersion "1"]
[SourceVersionDate "2016.12.12"]
[SourceQuality "1"]

1. e4 c6 2. d4 d5 3. exd5 cxd5 4. Bd3 Nf6 5. h3 g6 6. Nf3 Bg7 7. c3 0-0 8. Bf4 Nc6 9. 0-0 b6 10. Re1 Bb7 11. Nbd2 Rc8 12. Ne5 Nxe5 13. Bxe5 Bh6 14. Nf1 Ne4 15. Ne3 f6 16. Bh2 Bg7 1/2-1/2